Don Toliver complete the song title - Statistics

General Stats
  • This quiz has been taken 24 times
  • The average score is 23 of 31
Answer Stats
Hint Answer % Correct
Heaven or Hell (2020) Can't {Feel} My Legs
96%
Hardstone Psycho (2024) {Ice} Age
96%
Hardstone Psycho (2024) {Love} is a drug
96%
Love Sick (2023) Private {Landing}
96%
Life of a Don (2021) {Drugs} N Hella Melodies
92%
Octane (2026) K{9}
92%
Octane (2026) {Long} {Way} to Calabasas
92%
Heaven or Hell (2020) {No} Photos
92%
Hardstone Psycho (2024) Brother {Stone}
88%
Hardstone Psycho (2024) Geeked {Up}
88%
Octane (2026) Pleasure's {Mine}
88%
Hardstone Psycho (2024) {Purple} Rain
88%
Hardstone Psycho (2024) {Back}streets
83%
Heaven or Hell (2020) {Had} Enough
83%
Octane (2026) Sweet {Home}
79%
Hardstone Psycho (2024) Deep in {the} {Water}
75%
Hardstone Psycho (2024) Donny {Darko}
75%
Octane (2026) All the {Signs}
71%
Heaven or Hell (2020) {Space}ship
71%
Love Sick (2023) {Time} Heals All
71%
Love Sick (2023) Love{Sickness}
67%
Love Sick (2023) Luckily {I'm} {Having}
63%
Life of a Don (2021) Way {Bigger}
63%
Life of a Don (2021) Double {Standards}
58%
Hardstone Psycho (2024) Hardstone {National} {Anthem}
58%
Life of a Don (2021) Cross{faded}
54%
Love Sick (2023) Do It {Right}
54%
Donny Womack (2018) Holdin' {Steel}
46%
(Non-album single) {LV} Bag
46%
Donny Womack (2018) Video {Girl}
46%
Donny Womack (2018) Talk {No} {More}
33%
No matching quizzes found
Score Distribution
Percent of People with Each Score
Percentile by Number Answered
Your Score History
You have not taken this quiz